| 000 | 01406nab a22002777a 4500 | ||
|---|---|---|---|
| 999 |
_c5596 _d5596 |
||
| 003 | OSt | ||
| 005 | 20251219181113.0 | ||
| 008 | 190429b xxu||||| |||| 00| 0 spa d | ||
| 040 | _cPJ | ||
| 100 |
_96575 _aStopansky, Alejo |
||
| 245 | 1 | 0 |
_aIndulto al que incurriere en grave delito doloso contra el Estado que conlleve enriquecimiento / _cAlejo Stopansky. |
| 260 |
_cCiudad Autónoma de Buenos Aires : _aThomson Reuters La Ley, _b2025. |
||
| 300 | _ap. 35-39 | ||
| 500 | _a Cita: TR LALEY AR/DOC/2874/2025. | ||
| 505 | _a Sumario: I. Los hechos.— II. Juan Grabois en su foro, el parlamentario en el suyo.— III. El Presidente de la Nación puede indultar al que incurrió en grave delito doloso contra el Estado que conlleve enriquecimiento.— IV. El referido proyecto de ley.— V. Conclusiones, siempre provisionales. | ||
| 505 | _tSi te interesa el texto completo, solicitalo a koha@justierradelfuego.gov.ar | ||
| 650 | 0 |
_9343 _aDERECHO PENAL |
|
| 650 | 0 |
_92788 _aINDULTO |
|
| 650 | 0 |
_9766 _aCONSTITUCION NACIONAL |
|
| 650 | 0 |
_92787 _aAMNISTÍA |
|
| 650 | 0 |
_91196 _aJUICIO POLITICO |
|
| 650 | 0 |
_92910 _aCORRUPCIÓN |
|
| 650 | 0 |
_93283 _aDELITOS CONTRA LOS PODERES PÚBLICOS Y EL ORDEN CONSTITUCIONAL |
|
| 773 | 0 |
_02658 _93164 _tRevista de derecho penal y criminología. Nº 11 - Diciembre 2025 _dCiudad Autónoma de Buenos Aires : Thomson Reuters La Ley, 2017- _x00347914 |
|
| 942 |
_2udc _cANA |
||